Animal restraint for veterinary professionals (Record no. 85651)

MARC details
000 -LEADER
fixed length control field 00779 a2200265 4500
003 - CONTROL NUMBER IDENTIFIER
control field CBULib
005 - DATE AND TIME OF LATEST TRANSACTION
control field 20241029070834.0
008 - FIXED-LENGTH DATA ELEMENTS--GENERAL INFORMATION
fixed length control field 241016b |||||||| |||| 00| 0 eng d
020 ## - INTERNATIONAL STANDARD BOOK NUMBER
International Standard Book Number 9780323354943
040 ## - CATALOGING SOURCE
Language of cataloging English
Transcribing agency CBULib
Description conventions rda
041 ## - LANGUAGE CODE
Language code of text/sound track or separate title eng
050 ## - LIBRARY OF CONGRESS CALL NUMBER
Classification number SF 760 She
100 ## - MAIN ENTRY--PERSONAL NAME
Personal name Sheldon, C. C.
245 ## - TITLE STATEMENT
Title Animal restraint for veterinary professionals
Statement of responsibility, etc / by C.C. Sheldon
250 ## - EDITION STATEMENT
Edition statement Second edition
260 ## - PUBLICATION, DISTRIBUTION, ETC. (IMPRINT)
Name of publisher, distributor, etc Elsevier,
Date of publication, distribution, etc 2017
Place of publication, distribution, etc Missouri :
300 ## - PHYSICAL DESCRIPTION
Extent ix, 240 pages : illustrations
336 ## - CONTENT TYPE
Source rdacontent
Content type term Text |
Content type code txt
337 ## - MEDIA TYPE
Source rdamedia
Media type term Unmediated |
Media type code n
338 ## - CARRIER TYPE
Source rdacarrier
Carrier type term Volume
Carrier type code nc
650 #0 - SUBJECT ADDED ENTRY--TOPICAL TERM
9 (RLIN) 3725
Topical term or geographic name as entry element ANIMAL IMMOBILIZATION
700 ## - ADDED ENTRY--PERSONAL NAME
9 (RLIN) 3726
Personal name Sonsthagen, Teresa F.
700 ## - ADDED ENTRY--PERSONAL NAME
9 (RLIN) 3727
Personal name Topel, James A.
942 ## - ADDED ENTRY ELEMENTS (KOHA)
Source of classification or shelving scheme
Koha item type MONOGRAPH
Holdings
Withdrawn status Lost status Source of classification or shelving scheme Damaged status Not for loan Collection code Permanent Location Current Location Shelving location Date acquired Source of acquisition Cost, normal purchase price Full call number Barcode Date last seen Price effective from Koha item type Total Checkouts Copy number
          CBU-Lusaka Campus CBU- LUSAKA CAMPUS CBU- LUSAKA CAMPUS General Stacks 10/16/2024 DON-BOOKAID 57.00 SF 760 She 752959 10/16/2024 10/16/2024 MONOGRAPH    
          CBU-Lusaka Campus CBU- LUSAKA CAMPUS CBU- LUSAKA CAMPUS General Stacks 10/16/2024 DON-BOOKAID 57.00 SF 760 She 752960 10/16/2024 10/16/2024 MONOGRAPH    
          Main Library Open Access Collection CBU-MAIN LIBRARY, KITWE. CBU-MAIN LIBRARY, KITWE. General Stacks 11/06/2024 DON-BOOKAID 57.00 SF 760 She 752970 11/06/2024 11/06/2024 MONOGRAPH   3
          Main Library Open Access Collection CBU-MAIN LIBRARY, KITWE. CBU-MAIN LIBRARY, KITWE. General Stacks 11/06/2024 DON-BOOKAID 57.00 SF 760 She 752969 11/06/2024 11/06/2024 MONOGRAPH   4